Liverpool : 11 du XXIème siècle - Statistiques

Statistiques générales
  • Ce quiz a été pris 665 fois
    576 depuis la dernière actualisation
  • Le résultat moyen est 13 sur 16
Statistiques - réponses
Poste Nationalité Années au club Joueurs % Correct
Gardien Brésilien 2018- Alisson Becker
99%
Ailier Droit Egyptien 2017- Mohamed Salah
98%
Ailier Gauche Sénégalais 2016-2022 Sadio Mané
98%
Défenseur Central Néérlandais 2017- Virgil Van Dijk
98%
Défenseur Gauche Ecossais 2017- Andrew Robertson
94%
Entraîneur Allemand 2015-2024 Jurgen Klopp
94%
Défenseur Droit Anglais 2016- Trent Alexander-Arnold
94%
Remplaçant (Attaquant) Uruguayen 2011-2014 Luis Suarez
92%
Buteur Espagnol 2007-2011 Fernando Torres
89%
Milieu Central Anglais 1998-2015 Steven Gerrard
88%
Milieu Central Anglais 2011-2023 Jordan Henderson
77%
Milieu Central Espagnol 2004-2009 Xabi Alonso
72%
Remplaçant (Défenseur/Milieu) Anglais 2015-2023 James Milner
64%
Remplaçant (Milieu) Brésilien 2013-2018 Philippe Coutinho
60%
Remplaçant (Gardien) Polonais 2001-2007 Jerzy Dudek
55%
Défenseur Central Anglais 1996-2013 Jamie Carragher
50%
Aucun quiz correspondant
Distribution des résultats
% des personnes avec chaque résultat
Percentile par nombre de réponses
Votre historique - résultats
Vous n’avez pas pris ce quiz depuis la dernière actualisation